Vyšli slovníky slovensko-maďarskej frazeológie

Bibliographic Details
Main Author: Kučerová, Eleonóra, 1928-1987 (Author)
Format: Article
Language:Slovak
Subjects:

MARC

LEADER 00000nab a2200000 a 4500
001 vtls000117364
003 SK-MaSNL
005 20260303191045.0
008 160202c1982 xo 0 slo
015 |a SNBRB19rr/mm-uuuuu 
035 |a CL0127469 
040 |a SNKBUCL  |b slo  |c SNKBUCL  |e AACR2 
041 0 |a slo 
044 |a xo  |c SK 
080 |a 808.54  |2 1981 
080 |a 809  |2 1981 
080 |a 801.3  |2 1981 
100 1 |a Kučerová, Eleonóra,  |d 1928-1987  |4 aut  |9 37053 
245 1 0 |a Vyšli slovníky slovensko-maďarskej frazeológie  |c Eleonóra Kučerová 
650 0 7 |a slovenčina  |2 snkbucl  |9 1350 
650 0 7 |a maďarčina  |x recenzie  |2 snkbucl  |9 1220053 
650 0 7 |a frazeológia slovenská  |x recenzie  |2 snkbucl  |9 1220054 
650 0 7 |a frazeológia maďarská  |x recenzie  |2 snkbucl  |9 1220055 
655 7 |a články z novín a časopisov  |2 snkbucl  |9 267496 
773 0 |t Nedeľná Pravda  |g Roč. 15, č. 23 (1982), s. 7 
787 0 8 |i Rec.:  |a Habovštiaková, K.  |t Magyar-szlovák frazeológiai szótár  |d Bratislava : SPN, 1980 
850 |a Slovenská národná knižnica v Martine  |a MTA001 
852 |a SNK  |b KIS3GCP 
958 |a RK 
958 |a HU 
992 |a RBX 
999 |c 2139282  |d 2141212